000
00278nam a22001097a 4500
082
_a
491.2/SWA
100
_a
Swain, Prof.Brajakishore
_9
83273
245
_a
SANSKRIT:An Introductory Analysis
260
_a
New Delhi
_b
Akshaya Peakashan
_c
2021
650
_a
Lang
_9
71982
942
_c
BK
999
_c
68119
_d
68119